[Event "10th Malaysian Open"]
[Site "Kuala Lumpur MAS"]
[Date "2013.08.10"]
[Round "2.31"]
[White "Siddharth,R"]
[Black "Azhar,Puteri Rifqah Fahada"]
[Result "1-0"]
[WhiteElo "2368"]
[BlackElo "1859"]

1.d4 Nf6 2.Bg5 e6 3.e4 Be7 4.Nd2 d6 5.Bd3 c5 6.dxc5 dxc5 7.e5 Nd5 8.Bxe7 Qxe7
9.Qg4 O-O 10.Ngf3 Nc6 11.Bxh7+ Kxh7 12.Qh5+  1-0

[Event "10th Malaysian Open"]
[Site "Kuala Lumpur MAS"]
[Date "2013.08.11"]
[Round "3.23"]
[White "Ismail,Ah"]
[Black "Emperado,Emmanuel"]
[Result "0-1"]
[WhiteElo "2053"]
[BlackElo "2328"]

1.d4 Nf6 2.Bg5 e6 3.e4 h6 4.Bxf6 Qxf6 5.Nf3 g6 6.Bd3 Bg7 7.Nbd2 d6 8.O-O e5
9.c3 O-O 10.h3 Nc6 11.dxe5 Nxe5 12.Be2 Re8 13.a4 Nd7 14.Bd3 Nf8 15.Nc4 Ne6
16.Ne3 c6 17.e5 dxe5 18.Ng4 Qe7 19.Ngxe5 Nf4 20.Re1 Qc7 21.Nc4 Rxe1+ 22.Nxe1 Be6
23.Ne3 Rd8 24.Qc2 Nxd3 25.Nxd3 a5 26.Nc5 Bc8 27.Rd1 b6 28.Ne4 Be6 29.Re1 Qf4
30.Nd2 Qc7 31.Nf3 c5 32.c4 Qf4 33.Rd1 Rxd1+ 34.Qxd1 Bxb2 35.Qd8+ Kh7 36.Qxb6 Bd4
37.Qxa5 Bxe3 38.fxe3 Qxe3+ 39.Kh2 Qf4+ 40.Kh1 Qxc4 41.Qc7 Bd5 42.a5 Bxf3
43.gxf3 Qf1+ 44.Kh2 Qf2+ 45.Kh1 Qxf3+ 46.Kh2 Qf2+ 47.Kh1 Qe1+ 48.Kh2 Qd2+
49.Kh1 Qd5+ 50.Kh2 Kg7 51.Qb6 c4 52.a6 c3 53.a7 Qe5+ 54.Kg2 c2 55.Qc6 Qb2
56.Kg3 c1=Q 57.Qxc1 Qxc1 58.a8=Q Qg1+ 59.Kf4 Qf2+ 60.Ke5 Qg3+ 61.Kd4 Qxh3
62.Qa1 Kh7 63.Ke4 Qf5+ 64.Ke3 h5  0-1

[Event "Stare Mesto Open 2013"]
[Site "Stare Mesto CZE"]
[Date "2013.08.14"]
[Round "7.9"]
[White "Chudinovskikh,A"]
[Black "Dobes,V"]
[Result "1-0"]
[WhiteElo "2299"]
[BlackElo "2105"]

1.d4 Nf6 2.Bg5 e6 3.e3 c5 4.Nd2 Nc6 5.Ngf3 h6 6.Bxf6 Qxf6 7.Ne4 Qd8 8.dxc5 Bxc5
9.Nxc5 Qa5+ 10.Qd2 Qxc5 11.Be2 O-O 12.O-O d5 13.c4 dxc4 14.Rfc1 Rd8 15.Qc3 b5
16.a4 Ba6 17.axb5 Bxb5 18.b3 a5 19.Bxc4 Bxc4 20.Qxc4 Qxc4 21.Rxc4 Ra6 22.Kf1 Rb8
23.Ra3 Kf8 24.h4 Ke7 25.h5 Rb5 26.g4 Rb4 27.Rxb4 Nxb4 28.Ne5 Kf6 29.Nc4 Nc6
30.f4 g6 31.hxg6 fxg6 32.Ra4 Ra7 33.Nd6 Nb4 34.Ke2 Ra6 35.Ne4+ Ke7 36.Ra1 Nd5
37.Nc5 Ra8 38.Kf3 Nb6 39.Rh1 a4 40.bxa4 Nxa4 41.Ne4 h5 42.gxh5 gxh5 43.Rxh5 Re8
44.Rh7+ Kd8 45.Rb7 Re7 46.Rb4 Ra7 47.Kg4 Kc7 48.Rc4+ Kd8 49.Rd4+ Ke7 50.Rb4 Ra5
51.Rb7+ Kf8 52.Rc7 Nb6 53.Ng5 Nd5 54.Rf7+ Kg8 55.e4 Ne3+ 56.Kf3 Ra3 57.Ke2 Ng2
58.Kf2 Ra2+ 59.Kg3 e5 60.fxe5 Ne1 61.e6 Rg2+ 62.Kh4 Rh2+ 63.Kg4 Nd3 64.e7 Rg2+
65.Kh3  1-0

[Event "12th Lichtenberger Sommer"]
[Site "Berlin GER"]
[Date "2013.08.17"]
[Round "1.42"]
[White "Sidabras,Ignas"]
[Black "Schmidt,Mart2 GER"]
[Result "0-1"]
[WhiteElo "1690"]
[BlackElo "2061"]

1.d4 Nf6 2.Bg5 e6 3.c4 h6 4.Bd2 c5 5.e3 Nc6 6.Nf3 cxd4 7.exd4 d5 8.cxd5 Nxd5
9.Nc3 Bb4 10.Bc4 Nb6 11.Bb5 Bd7 12.O-O O-O 13.Qc1 Ne7 14.Bd3 Bc6 15.Bxh6 Bxf3
16.gxf3 Qxd4 17.Qg5 f5 18.Nb5 Qf6 19.Qxf6 Rxf6 20.Bg5 Rg6 21.h4 Bd2 22.Kh1 Bxg5
23.hxg5 Rxg5 24.Nc7 Rd8 25.Rad1 Kf7 26.Bxf5 Rh8+  0-1

[Event "12th Lichtenberger Sommer"]
[Site "Berlin GER"]
[Date "2013.08.17"]
[Round "1.61"]
[White "Schleich,T"]
[Black "Schoenemann,M"]
[Result "1-0"]
[WhiteElo "2051"]
[BlackElo "1783"]

1.d4 Nf6 2.Bg5 e6 3.e4 Be7 4.e5 Nd5 5.Bxe7 Nxe7 6.Bd3 d5 7.Qg4 g6 8.h4 c5
9.Nf3 cxd4 10.Nbd2 Nbc6 11.O-O-O Nb4 12.Bb5+ Bd7 13.Nxd4 Bxb5 14.Nxb5 Nbc6
15.Nd6+ Kf8 16.Qf4 Nf5 17.N2e4 Qc7 18.Nxf5 gxf5 19.Qh6+ Ke8 20.Nd6+ Kd7 21.Nxf7 Rhf8
22.Ng5 Qxe5 23.Rhe1 Qf6 24.Qxh7+ Kc8 25.Rxe6 Qh8 26.Qxh8 Rxh8 27.Rxd5 Kc7
28.Nf3 f4 29.Rf6 Raf8 30.Rdf5 Rfg8 31.Rf7+ Kb6 32.Rg5 Rxg5 33.hxg5  1-0

[Event "21st Troya Open 2013"]
[Site "Canakkale TUR"]
[Date "2013.08.20"]
[Round "5.10"]
[White "Zor,Alber Kadir"]
[Black "Grigoriev,A"]
[Result "0-1"]
[WhiteElo "1940"]
[BlackElo "2216"]

1.d4 Nf6 2.Bg5 e6 3.Nd2 h6 4.Bh4 d5 5.e3 Be7 6.Bd3 Nbd7 7.f4 c5 8.c3 Qb6
9.Rb1 Qa5 10.a3 b5 11.b4 cxb4 12.axb4 Qc7 13.Rc1 a6 14.Nb3 Nb6 15.Nc5 Nc4
16.Bxc4 dxc4 17.Bxf6 gxf6 18.Qf3 Ra7 19.Ra1 a5 20.Kf2 Rg8 21.Qd1 axb4 22.cxb4 Bd7
23.Nf3 Bc6 24.Qc2 f5 25.g3 Bd5 26.Qb2 f6 27.Rxa7 Qxa7 28.Ra1 Qb8 29.Nh4 Kf7
30.Qe2 Kg7 31.Qh5 Qe8 32.Qd1 Kh7 33.Ra7 Rg7 34.Qa1 Qc8 35.Ke2 Be4 36.Qa6 Qxa6
37.Rxa6 Bxc5 38.dxc5 c3 39.Ra3 c2 40.Rc3 Ra7 41.Kd2 Rd7+  0-1

[Event "12th Lichtenberger Sommer"]
[Site "Berlin GER"]
[Date "2013.08.21"]
[Round "5.101"]
[White "Gelman,Josef"]
[Black "Schoenemann,M"]
[Result "1/2-1/2"]
[WhiteElo "1570"]
[BlackElo "1783"]

1.d4 Nf6 2.Bg5 e6 3.c4 d5 4.Nc3 Nbd7 5.e3 c6 6.Nf3 h6 7.Bf4 a6 8.Ne5 Be7
9.g4 Nxe5 10.Bxe5 Bd6 11.f4 Bxe5 12.fxe5 Nd7 13.h4 f6 14.Qc2 Nf8 15.Bd3 Qe7
16.O-O-O Bd7 17.Bg6+ Nxg6 18.Qxg6+ Qf7 19.Qxf7+ Kxf7 20.exf6 gxf6 21.Rdf1 b5
22.c5 Ke7 23.Rf2 e5 24.Rhf1 Raf8 25.dxe5 fxe5 26.g5 Rxf2 27.Rxf2 hxg5 28.hxg5 Rh1+
29.Kd2 Rg1 30.Rh2 Rxg5 31.Ne2 a5 32.Rh6 Rg2 33.Rh7+ Kd8 34.Rh8+ Kc7 35.Rh7 Rg4
36.b3 a4 37.Nc1 axb3 38.axb3 Rg6 39.Nd3 Re6 40.Nb4  1/2-1/2

[Event "12th Lichtenberger Sommer"]
[Site "Berlin GER"]
[Date "2013.08.21"]
[Round "5.3"]
[White "Gaerths,R"]
[Black "Radovanovic,J"]
[Result "1/2-1/2"]
[WhiteElo "2221"]
[BlackElo "2341"]

1.d4 Nf6 2.Bg5 e6 3.e4 h6 4.Bxf6 Qxf6 5.Nf3 d6 6.Nc3 a6 7.e5 Qd8 8.Bd3 Nc6
9.exd6 Bxd6 10.O-O O-O 11.Be4 Bd7 12.Re1 Rb8 13.d5 exd5 14.Qxd5 Qf6 15.Qh5 Be6
16.Bd5 Bf5 17.Be4 Be6  1/2-1/2

[Event "Brasschaat Open 2013"]
[Site "Brasschaat BEL"]
[Date "2013.08.23"]
[Round "7.10"]
[White "Hamblok,R"]
[Black "Dugailliez,G"]
[Result "1-0"]
[WhiteElo "2304"]
[BlackElo "1965"]

1.d4 Nf6 2.Bg5 e6 3.e3 d5 4.Nd2 c5 5.c3 Nc6 6.f4 cxd4 7.exd4 Be7 8.Bd3 Nd7
9.Bxe7 Qxe7 10.Ngf3 f5 11.O-O Nf6 12.Ne5 g6 13.Ndf3 Bd7 14.a3 Qg7 15.c4 Nxe5
16.dxe5 Nh5 17.cxd5 Nxf4 18.dxe6 Nxd3 19.Qxd3 Bxe6 20.Ng5 Qe7 21.Qb5+ Bd7
22.Qxb7 O-O 23.e6 Qxg5 24.exd7 f4 25.Rae1 Rab8  1-0

[Event "XXX Collado Villalba Open 2013"]
[Site "Collado Villalba ESP"]
[Date "2013.08.24"]
[Round "2.8"]
[White "Unciti Juan,J"]
[Black "Velasco Garcia,J"]
[Result "1-0"]
[WhiteElo "2128"]
[BlackElo "1944"]

1.d4 Nf6 2.Bg5 e6 3.Nc3 h6 4.Bf4 Bb4 5.a3 Bxc3+ 6.bxc3 d6 7.Qd3 Qe7 8.e3 Bd7
9.Be2 Bc6 10.Bf3 Bxf3 11.Nxf3 Qd7 12.Rb1 b6 13.e4 Nc6 14.O-O Na5 15.e5 Nd5
16.Bd2 Qc6 17.exd6 cxd6 18.Rfe1 Rc8 19.Nh4 Kd8 20.Qg3 g5 21.Nf3 Kc7 22.h4 Nxc3
23.Bxc3 Qxc3 24.hxg5 Rcg8 25.Qf4 Rh7 26.gxh6 Rgh8 27.g3 Nc6 28.Kg2 Ne7 29.Rb3 Qc6
30.c4 Nf5 31.d5 Qd7 32.c5 e5 33.cxd6+ Nxd6 34.Nxe5 Qf5 35.Rc3+ Kb7 36.Qa4 Rxh6
37.Qc6+ Ka6 38.Qa4+ Kb7 39.Qc6+ Ka6 40.Qa4+ Kb7 41.Qd7+ Qxd7 42.Nxd7 Rh2+
43.Kf3 R8h5 44.Re5 f5 45.Nf6 Rh6 46.Re6 Nb5 47.Rd3 Nc7 48.Rd6 Rg6 49.Rc3 Rxf6
50.Rxf6 Nxd5 51.Rf7+ Ka6 52.Rd3 f4  1-0

[Event "e2e4 Coventry Open"]
[Site "Coventry ENG"]
[Date "2013.08.26"]
[Round "6"]
[White "Bourne,Jo"]
[Black "Ali,Go"]
[Result "1-0"]
[WhiteElo "2015"]
[BlackElo "1848"]

1.d4 Nf6 2.Bg5 e6 3.e4 Be7 4.Nc3 d5 5.e5 Nfd7 6.h4 a6 7.Nce2 c5 8.c3 cxd4
9.cxd4 Nc6 10.Nf3 b5 11.Bxe7 Qxe7 12.h5 h6 13.Nf4 Bb7 14.Nd3 Rc8 15.Rc1 O-O
16.Be2 Nb4 17.O-O Rxc1 18.Nxc1 Rc8 19.Nd3 Nxd3 20.Qxd3 Qb4 21.b3 Qc3 22.Qxc3 Rxc3
23.Rd1 f6 24.Rd3 Rc1+ 25.Rd1 Rc3 26.exf6 gxf6 27.Bd3 Kf7 28.Kf1 Ke7 29.Ke2 e5
30.Kd2 b4 31.Nh4 e4 32.Be2 Nf8 33.Nf5+ Kd8 34.Nxh6 Bc8 35.Rh1 Ke7 36.Ng4 Bxg4
37.Bxg4 Rd3+ 38.Ke2 Rxd4 39.h6 Ng6 40.Bf5 Nh8 41.Rc1 Rd3 42.Rc8 Nf7 43.h7 Rc3
44.h8=Q Nxh8 45.Rxh8 Rc2+ 46.Ke3 Kd6 47.g4 Rc3+ 48.Kd2 Ke5 49.Re8+ Kf4 50.Re6 Rd3+
51.Ke2 Rc3 52.Rxa6 d4 53.Re6 d3+ 54.Kd1 Kf3 55.Rxe4 Kxf2 56.Kd2 Rc2+ 57.Kxd3 Rxa2
58.Rxb4 Ra6 59.Re4 Rc6 60.b4 Kf3 61.b5 Rc5 62.b6 Rb5 63.Re6  1-0

[Event "XXX Collado Villalba Open 2013"]
[Site "Collado Villalba ESP"]
[Date "2013.08.28"]
[Round "6.11"]
[White "Velasco Garcia,J"]
[Black "Lorite Cruz,F"]
[Result "1/2-1/2"]
[WhiteElo "1944"]
[BlackElo "2016"]

1.d4 Nf6 2.Bg5 e6 3.Nf3 b6 4.e3 Bb7 5.Bd3 Be7 6.Nbd2 d6 7.Qe2 h6 8.Bf4 Nbd7
9.h3 a6 10.e4 b5 11.g4 c5 12.c3 cxd4 13.cxd4 Rc8 14.a4 e5 15.dxe5 dxe5 16.Nxe5 bxa4
17.Bxa6 Qb6 18.Bb5 Rd8 19.Ndc4 Qe6 20.Nxd7 Nxd7 21.Ne5 Bb4+ 22.Kf1 O-O 23.Nxd7 Rxd7
24.Bxd7 Qxd7 25.Kg2 Bc6 26.Qc4 Qb7 27.f3 Bb5 28.Qc7 Qa6 29.Rhc1 Ba5 30.Qe5 Re8
31.Qc5 Bd8 32.Be5 Be2 33.Qd4 Bb6 34.Qc3 Ba5 35.b4 Bxb4 36.Qxb4 Bxf3+ 37.Kxf3 Qd3+
38.Kf2 Rxe5 39.Qb8+ Kh7 40.Qxe5 Qd2+ 41.Kf3 Qd3+ 42.Kg2 Qe2+  1/2-1/2

[Event "24th Porto San Giorgio Open"]
[Site "Porto San Giorgio ITA"]
[Date "2013.08.28"]
[Round "8.6"]
[White "Paltrinieri,N"]
[Black "Martinez,Rol"]
[Result "1-0"]
[WhiteElo "2177"]
[BlackElo "2451"]

1.d4 Nf6 2.Bg5 e6 3.e4 h6 4.Bxf6 Qxf6 5.c3 d6 6.Bd3 g6 7.Ne2 Bg7 8.Nd2 Qe7
9.O-O O-O 10.f4 f5 11.Ng3 Nd7 12.Qf3 Nf6 13.Rae1 Qd8 14.exf5 exf5 15.d5 Bd7
16.Bc4 Kh7 17.Nb3 c5 18.dxc6 bxc6 19.Be6 Re8 20.Nd4 d5 21.h4 Ng4 22.Bxd7 Qxh4
23.Qxg4 Qxg4 24.Bxe8 Qxg3 25.Re7 Rb8 26.Rf2 Rxb2 27.Bxg6+ Qxg6 28.Rxb2 Qh5
29.Rbb7 Qd1+ 30.Kf2 Qd2+ 31.Ne2 Kg6 32.Rxg7+ Kh5 33.Rbf7  1-0

[Event "67th Moscow Blitz 2013"]
[Site "Moscow RUS"]
[Date "2013.09.01"]
[Round "9"]
[White "Demidov,M"]
[Black "Glek,I"]
[Result "1/2-1/2"]
[WhiteElo "2503"]
[BlackElo "2460"]

1.d4 Nf6 2.Bg5 e6 3.Nd2 h6 4.Bh4 Be7 5.e3 b6 6.Bd3 Bb7 7.Ngf3 c5 8.c3 O-O
9.O-O Nc6 10.a3 cxd4 11.cxd4 Nd5 12.Bg3 Nc7 13.Rc1 Rc8 14.Rc2 d6 15.Qb1 f5
16.Rfc1 Nb8 17.h3 Qd7 18.Qa2 Bd5 19.Bc4 b5 20.Bxd5 Nxd5 21.e4 fxe4 22.Nxe4 Rxc2
23.Rxc2 Nc6 24.Qb3 a6 25.Qd3 Na5 26.Nfd2 Nb7 27.Nc3 Nf6 28.Rc1 Nd8 29.Re1 Re8
30.Qe2 Bf8 31.Nde4 Nxe4 32.Qxe4 Nf7 33.Qg4 d5 34.Ne2 Nd6 35.Nf4 Nf5 36.Nd3 Nxg3
37.Qxg3 Bd6 38.Qg4 Qf7 39.Re3 g6 40.Ne5 Bxe5 41.Rxe5 Kg7 42.g3 Qd7 43.h4 Qf7
44.Kg2 Qf6 45.Qe2 Re7 46.Qc2 h5 47.Qc6 Rf7 48.f4 Re7 49.Qxa6 Qf7 50.Kh3 Qe8
51.Qd6 Kf7 52.b3 Qd7 53.Qc5 Qb7 54.Re3 Rc7 55.Qd6 Rc6 56.Qd8 Rc8 57.Qg5 Qe7
58.Qh6 Rg8 59.a4 bxa4 60.bxa4 Ra8 61.Rb3 Ra7 62.a5 Kf6 63.Qh8+ Kf7 64.a6 Qc7
65.Rb7 Rxb7 66.axb7 Qc1 67.Qh7+ Kf6 68.Qh8+ Kf7 69.Qh7+ Kf6 70.Kg2 Qd2+ 71.Kf3 Qd3+
72.Kg2 Qe2+ 73.Kg1 Qe1+ 74.Kg2 Qe2+ 75.Kg1  1/2-1/2

[Event "15th Trieste Open"]
[Site "Trieste ITA"]
[Date "2013.09.01"]
[Round "2"]
[White "Ashiku,F"]
[Black "Kuljasevic,D"]
[Result "0-1"]
[WhiteElo "2241"]
[BlackElo "2577"]

1.d4 Nf6 2.Bg5 e6 3.Nd2 c5 4.e3 b6 5.c3 cxd4 6.cxd4 Be7 7.Ngf3 O-O 8.Bd3 Ba6
9.Bxa6 Nxa6 10.Bxf6 Bxf6 11.Qa4 Qc8 12.O-O Qb7 13.Rfc1 Rac8 14.Qb5 Be7 15.Ne5 Nb8
16.Nb3 a6 17.Qe2 d6 18.Rxc8 Rxc8 19.Nd3 Nd7 20.Rc1 d5 21.Qd1 Rc6 22.Nd2 Qc7
23.b3 Bd6 24.g3 Nf6 25.f3 h5 26.Rxc6 Qxc6 27.Qc1 Qxc1+ 28.Nxc1 Bb4 29.Nb1 g5
30.Nd3 a5 31.Kf1 g4 32.f4 Ne4 33.Nf2 Nxf2 34.Kxf2 Kg7 35.Ke2 Kg6 36.a3 Bd6
37.Kd3 Kf5 38.Nc3 Bxa3 39.Na4 b5 40.Nc3 b4 41.e4+ dxe4+ 42.Nxe4 Bc1 43.Nd6+ Kf6
44.Ke4 Ke7 45.Nc4 f5+ 46.Kd3 h4 47.Nxa5 Bxf4 48.gxh4 Bxh2 49.Nc6+ Kd6 50.h5 g3
51.h6 g2 52.h7 g1=Q 53.h8=Q Qg3+ 54.Kd2 Qg2+ 55.Kd1 Qf3+ 56.Kd2 Bf4+ 57.Ke1 Bg3+
58.Kd2 Qc3+  0-1

[Event "12th Kesarovski Mem"]
[Site "Sunny Beach BUL"]
[Date "2013.09.02"]
[Round "3.18"]
[White "Atanasov,R"]
[Black "Kilpatrick,C"]
[Result "0-1"]
[WhiteElo "2160"]
[BlackElo "2320"]

1.d4 Nf6 2.Bg5 e6 3.Nf3 c5 4.e3 h6 5.Bh4 Be7 6.Bd3 b6 7.Qe2 Bb7 8.O-O O-O
9.Nbd2 d6 10.c3 a6 11.Rad1 Nbd7 12.e4 Nh5 13.Bxe7 Qxe7 14.g3 e5 15.dxe5 dxe5
16.Bc4 b5 17.Bd5 Bxd5 18.exd5 Nhf6 19.c4 e4 20.Rfe1 Rfe8 21.Nh4 Qe5 22.b3 b4
23.Ng2 a5 24.f3 exf3 25.Qxf3 Qd4+ 26.Qf2 Qxf2+ 27.Kxf2 Ne5 28.Kg1 a4 29.Kf1 Nfg4
30.h3 Nh2+ 31.Kf2 Nd3+ 32.Kg1 Nxe1 33.Rxe1 Rxe1+ 34.Nxe1 axb3 35.Nxb3 Rxa2
36.Nxc5 Re2 37.Ned3 Nf3+ 38.Kf1 Rc2 39.d6 Rxc4 40.d7 Rd4 41.Ke2 Ng5 42.Ke3 Rd6
43.Nxb4 Ne6 44.Nbd3 Nxc5 45.Nxc5 Kf8 46.Ke4 Ke7 47.h4 h5 48.Ke5 Rd1  0-1

[Event "TCh-SRB 1st League 2013"]
[Site "Kragujevac SRB"]
[Date "2013.09.03"]
[Round "11.6"]
[White "Boskovic,D"]
[Black "Lajthajm,B"]
[Result "1-0"]
[WhiteElo "2427"]
[BlackElo "2494"]

1.d4 Nf6 2.Bg5 e6 3.Nd2 h6 4.Bh4 d6 5.e4 Nbd7 6.c3 Be7 7.Bd3 b6 8.f4 Bb7
9.Qe2 c5 10.Nh3 cxd4 11.cxd4 O-O 12.O-O-O Rc8+ 13.Kb1 Rc7 14.Bf2 Qa8 15.g4 Nh7
16.g5 hxg5 17.Nxg5 Bxg5 18.fxg5 e5 19.Rhg1 exd4 20.Bxd4 Ne5 21.h4 Nxd3 22.Qxd3 Re8
23.Rde1 Re6 24.h5 Qe8 25.Bc3 d5 26.Qd4 f6 27.g6 Ng5 28.e5 Ne4 29.Nxe4 dxe4
30.exf6 gxf6 31.h6 Rd7 32.Qe3 Rd3 33.h7+ Kg7 34.Qxd3 exd3 35.Bxf6+ Kxf6 36.Rxe6+ Qxe6
37.h8=Q+ Ke7 38.Qh7+ Kd6 39.Qxb7 d2 40.Qf3 Qe1+ 41.Qd1  1-0

[Event "88th ch-ARG Superior 2013"]
[Site "Resistance/Saenz Pena ARG"]
[Date "2013.09.05"]
[Round "11.6"]
[White "Liascovich,L"]
[Black "Mareco,S"]
[Result "1/2-1/2"]
[WhiteElo "2447"]
[BlackElo "2561"]

1.d4 Nf6 2.Bg5 e6 3.Nf3 h6 4.Bh4 b6 5.Nbd2 Bb7 6.e3 Be7 7.h3 c5 8.c3 O-O
9.Bd3 Nc6 10.O-O cxd4 11.exd4 Nd5 12.Bxe7 Ncxe7 13.Re1 f5 14.Bf1 Ng6 15.Nc4 Qc7
16.Nce5 Nxe5 17.Nxe5 a6 18.c4 Nf6 19.Rc1 Kh7 20.c5 bxc5 21.dxc5 Bd5 22.b4 Bxa2
23.Ra1 Bd5 24.Rxa6 Rxa6 25.Bxa6 Rb8 26.Qd4 Qa7 27.b5 d6 28.Nd3 e5 29.Qa1 e4
30.cxd6 exd3 31.Re7 Qc5 32.Qxf6 Qc1+ 33.Kh2 Qf4+ 34.Kg1 Qc1+ 35.Kh2 Qf4+
36.Kg1 Qc1+  1/2-1/2

[Event "78th ch-ESP 2013"]
[Site "Linares ESP"]
[Date "2013.09.06"]
[Round "9.17"]
[White "Alvarez Fernandez,E"]
[Black "Quintin Navarro,A"]
[Result "1/2-1/2"]
[WhiteElo "2385"]
[BlackElo "2241"]

1.d4 Nf6 2.Bg5 e6 3.e4 c5 4.d5 h6 5.Bxf6 Qxf6 6.Nc3 a6 7.a4 e5 8.Nf3 d6 9.Nd2 Qg6
10.Nc4 Nd7 11.g3 Be7 12.Bg2 h5 13.h4 Rb8 14.a5 Nf6 15.Qe2 Bg4 16.Bf3 Bd7
17.Nb6 Bd8 18.Nxd7 Nxd7 19.Bg2 O-O 20.Bh3 Nf6 21.Bf5 Qh6 22.Qd2 Qxd2+ 23.Kxd2 g6
24.Bh3 Bc7 25.f3 Rbd8 26.Nd1 Ne8 27.Ne3 Ng7 28.g4 Rb8 29.Nc4 hxg4 30.fxg4 f5
31.gxf5 gxf5 32.exf5 Nxf5 33.Raf1 Nd4 34.Bg4 Rf4 35.Rxf4 exf4 36.Rg1 Kh8
37.Bd1 Rg8 38.Rxg8+ Kxg8 39.c3 Nf5 40.Bg4 Ne3 41.Nxe3 fxe3+ 42.Kxe3 Bxa5
43.Bc8 b5 44.Bxa6 b4 45.c4 Bd8  1/2-1/2

[Event "Alushta Autumn 1 2013"]
[Site "Alushta UKR"]
[Date "2013.09.07"]
[Round "7"]
[White "Belikov,V"]
[Black "Golubov,Saveliy"]
[Result "1-0"]
[WhiteElo "2473"]
[BlackElo "2228"]

1.d4 Nf6 2.Bg5 e6 3.e4 h6 4.Bxf6 Qxf6 5.Nc3 d6 6.Qd2 a6 7.O-O-O Nd7 8.f4 b5
9.e5 Qd8 10.d5 Nb6 11.dxe6 Bxe6 12.Qf2 Bf5 13.Nf3 Be7 14.Nd4 Bd7 15.f5 dxe5
16.Ne6 fxe6 17.fxe6 Bg5+ 18.Kb1 Qf6 19.exd7+ Nxd7 20.Qg3 Nb6 21.h4 Bf4 22.Qf2 Qg6
23.Qc5 Nd7 24.Qxc7 Rd8 25.g3 Bxg3 26.Bh3 Qf7 27.Bxd7+  1-0

[Event "10th LGA Premium Cup GpB"]
[Site "Nuernberg GER"]
[Date "2013.09.07"]
[Round "4.3"]
[White "Maiwald,JU"]
[Black "Braun,A"]
[Result "1/2-1/2"]
[WhiteElo "2460"]
[BlackElo "2570"]

1.d4 Nf6 2.Bg5 e6 3.Nd2 h6 4.Bh4 c5 5.e3 b6 6.Ngf3 Bb7 7.c3 Be7 8.Bxf6 Bxf6
9.Bd3 d6 10.Qe2 a6 11.O-O Nd7 12.a4 O-O 13.Rfd1 Qc7 14.h3 Be7 15.e4 Rfe8
16.Nf1 d5 17.e5 f6 18.exf6 Bxf6 19.Ne3 e5 20.Bg6 e4 21.Bxe8 exf3 22.Qxf3 Rxe8
23.Nxd5 Bxd5 24.Qxd5+ Kh8 25.Re1 Rd8 26.Qc4 b5 27.axb5 axb5 28.Qf7 Qb8 29.Re4 cxd4
30.cxd4 Kh7 31.Rg4 Qd6 32.Qg6+ Kh8 33.Re1 Nf8 34.Re8 Rxe8 35.Qxe8 b4 36.b3 Kg8
37.Qe4 Nd7 38.Qe8+ Nf8 39.Qe4 Nd7 40.Qe8+  1/2-1/2

[Event "Mohamed Slama Mem 2013"]
[Site "Monastir TUN"]
[Date "2013.09.10"]
[Round "2.9"]
[White "Hergli,A"]
[Black "Mezioud,A"]
[Result "1-0"]
[WhiteElo "2142"]
[BlackElo "2023"]

1.d4 Nf6 2.Bg5 e6 3.e4 Be7 4.Nc3 d5 5.e5 Ng8 6.Be3 c5 7.Qg4 g6 8.dxc5 Nc6
9.Bb5 Bd7 10.Nf3 Qc7 11.O-O h5 12.Qf4 Nh6 13.Nxd5 exd5 14.e6 Qxf4 15.exd7+ Kxd7
16.Bxf4 f6 17.Rad1 g5 18.Rxd5+ Ke6 19.Bc4 Kf7 20.Rxg5+  1-0

[Event "Alushta Autumn 4 2013"]
[Site "Alushta UKR"]
[Date "2013.09.18"]
[Round "13"]
[White "Mikhaletz,L"]
[Black "Golovin,Leo"]
[Result "0-1"]
[WhiteElo "2428"]
[BlackElo "2455"]

1.d4 Nf6 2.Bg5 e6 3.e4 h6 4.Bxf6 Qxf6 5.Nc3 b6 6.Nf3 Bb7 7.Bd3 Bb4 8.a3 Bxc3+
9.bxc3 d6 10.O-O O-O 11.Qe2 e5 12.Rad1 a6 13.Qe3 Nc6 14.g3 Bc8 15.Kg2 Bg4
16.Bc4 Na5 17.Bd5 Rad8 18.h3 Bd7 19.Nd2 Bb5 20.Rfe1 Rfe8 21.f4 Qe7 22.Nf3 c6
23.Bb3 exf4 24.Qxf4 Bc4 25.Nd2 Be6 26.Re3 Nxb3 27.cxb3 d5 28.b4 dxe4 29.g4 c5
30.Nxe4 cxd4 31.cxd4 Bd5 32.Rde1 Rd6 33.Kf2 Re6 34.Ng3 Qh4 35.Re5 Qxh3 36.Ne4 Rxe5
37.dxe5 Bxe4 38.Rxe4 Qxa3 39.Qd2 Qh3 40.Qd6 Rc8  0-1

[Event "1st League Cent-SRB 2013"]
[Site "Kragujevac SRB"]
[Date "2013.09.18"]
[Round "6.4"]
[White "Marcetic,N"]
[Black "Radovanovic,J"]
[Result "1/2-1/2"]
[WhiteElo "2395"]
[BlackElo "2335"]

1.d4 Nf6 2.Bg5 e6 3.e3 b6 4.Nf3 Bb7 5.Bd3 Be7 6.Nbd2 c5 7.c3 O-O 8.Qc2 h6
9.Bxf6 Bxf6 10.h4 g6 11.h5 g5 12.O-O-O Bg7 13.dxc5 Na6 14.c6 dxc6 15.Ne4 Qe7
16.Nd6 Nc5 17.Nxb7 Qxb7 18.Qe2 Rad8 19.Bb1 Qe7 20.Qc2 Rxd1+ 21.Rxd1 Rd8 22.Nd4 Rd6
23.Qh7+ Kf8 24.g4 Nd7 25.Qc2 Nf6 26.Qe2 Qd7 27.Rf1 Nd5 28.f4 Qe7 29.Be4 c5
30.Nb5 Rd7 31.c4 Nf6 32.Bc6 Rd8 33.fxg5 hxg5 34.e4 Nd7 35.Bxd7 Qxd7 36.e5 Bxe5
37.Kc2 Bg7 38.Rf3 Kg8 39.a3 a6 40.Nc3 Qd4 41.Rf1 Qe5 42.Qf3 Qc7 43.Ne4 Qe5
44.Nc3 f5 45.gxf5 Rf8 46.f6 Qxf6 47.Qxf6 Rxf6 48.Rxf6 Bxf6 49.Ne4 Be7 50.Nf2 Bf6
51.Ng4 Bd4 52.b3  1/2-1/2

[Event "TCh-CRO Ia Liga 2013"]
[Site "Bol CRO"]
[Date "2013.09.19"]
[Round "6.2"]
[White "Georgiev,Ki"]
[Black "Sax,G"]
[Result "1/2-1/2"]
[WhiteElo "2637"]
[BlackElo "2436"]

1.d4 Nf6 2.Bg5 e6 3.e3 h6 4.Bh4 b6 5.Nd2 Bb7 6.Ngf3 Be7 7.Bd3 c5 8.O-O cxd4
9.exd4 O-O 10.Re1 Nh5 11.Bg3 Nxg3 12.hxg3 d6 13.c3 Nd7 14.Qe2 Re8 15.Rad1 Bf8
16.Ba6 Qc8 17.Bxb7 Qxb7 18.g4 Nf6 19.g5 hxg5 20.Nxg5 Qd5 21.Nde4 Nxe4 22.Nxe4 Qf5
23.Rd3 d5 24.Ng3 Qg5 25.Nh5 g6 26.Rg3 Qf5 27.Qg4 Qxg4 28.Nf6+ Kh8 29.Nxg4 Kg7
30.Kf1 Bd6 31.Rh3 Rh8 32.Rxh8 Rxh8 33.Ke2 f5 34.Ne3 Kf6 35.Rg1 Bf4 36.Nc2 g5
37.Ne1 g4 38.Nd3 Bd6 39.f4 gxf3+ 40.Kxf3 Rg8 41.g4 fxg4+ 42.Rxg4 Rh8 43.Rg2 Rh3+
44.Ke2 Rh8 45.Kd2 Rh2 46.Rxh2 Bxh2 47.Nb4 Bd6 48.Nc6 a6 49.Kd3 Kf7 50.a4 Ke8
51.b4 Kd7 52.Ne5+ Bxe5 53.dxe5 a5 54.bxa5 bxa5 55.Kd4 Kc6 56.c4 dxc4 57.Kxc4  1/2-1/2

[Event "Dnipropetrovsk A 2013"]
[Site "Dnipropetrovsk UKR"]
[Date "2013.09.20"]
[Round "6.4"]
[White "Gritsayeva,O"]
[Black "Tsirulnik,Mari"]
[Result "1/2-1/2"]
[WhiteElo "2346"]
[BlackElo "2174"]

1.d4 Nf6 2.Bg5 e6 3.Nd2 h6 4.Bh4 d5 5.e3 c5 6.c3 Nbd7 7.Ngf3 Be7 8.Bd3 O-O
9.O-O b6 10.Qe2 Bb7 11.Bxf6 Bxf6 12.e4 cxd4 13.cxd4 dxe4 14.Nxe4 Be7 15.Rfd1 Nf6
16.Nc3 a6 17.Ne5 b5 18.a3 Nd5 19.Qe4 f5 20.Qe1 Kh7 21.Be2 Bf6 22.Bf3 Ra7
23.Rac1 Re8 24.Nxd5 Bxd5 25.Nc6 Bxc6 26.Rxc6 Qd7 27.Qa5 Bxd4 28.Rxa6 Rxa6
29.Qxa6 Rc8 30.Be2 Rc2 31.Qxb5 Bxf2+ 32.Kf1 Qxb5 33.Bxb5 Ba7 34.Bd7 Rf2+
35.Ke1 e5 36.Rd5 Rxb2 37.Bxf5+ Kg8 38.Bg6 Rb8 39.Rxe5 Bd4 40.Re4 Bf6 41.a4 Kf8
42.Ke2 Be7 43.a5 Rb2+ 44.Kf3 Rb3+ 45.Kf4 Ra3 46.Rc4 Bd6+ 47.Kf5 Ke7 48.Re4+ Kd7
49.Be8+ Kc7 50.Ba4 Bxh2 51.a6 Bg1 52.Re7+ Kd6 53.Re6+ Kc7 54.Bc2 Bb6 55.Rg6 Ra5+
56.Ke6 Rg5  1/2-1/2

[Event "e2e4 Bedford Open 2013"]
[Site "Bedford ENG"]
[Date "2013.09.21"]
[Round "3"]
[White "Bennett,Dominic L"]
[Black "Mercs,P"]
[Result "0-1"]
[WhiteElo "1988"]
[BlackElo "2106"]

1.d4 Nf6 2.Bg5 e6 3.e3 b6 4.c4 Bb7 5.Nc3 d6 6.Nf3 Nbd7 7.Be2 h6 8.Bh4 Be7
9.h3 O-O 10.Bg3 Ne4 11.Nxe4 Bxe4 12.O-O f5 13.Nd2 Bb7 14.Bf3 Bxf3 15.Qxf3 Bf6
16.Rad1 Qe7 17.Nb1 Rae8 18.Nc3 g5 19.Qb7 c5 20.dxc5 f4 21.exf4 Bxc3 22.cxd6 Qg7
23.bxc3 gxf4 24.Bh4 f3 25.Bg3 Rf4 26.c5 bxc5 27.Qxa7 h5 28.Kh2 h4 29.gxf3 hxg3+
30.fxg3 Rf7 31.Qa3 Ref8 32.c4 Ne5 33.f4 Nxc4 34.Qxc5 Rb8 35.Qxc4 Rb2+ 36.Kh1 Qxg3  0-1

[Event "1st League Cent-SRB 2013"]
[Site "Kragujevac SRB"]
[Date "2013.09.21"]
[Round "10.6"]
[White "Marcetic,N"]
[Black "Mitrovic,Da1"]
[Result "1/2-1/2"]
[WhiteElo "2395"]
[BlackElo "2278"]

1.d4 Nf6 2.Bg5 e6 3.Nd2 c5 4.e3 d5 5.c3 Be7 6.Bd3 O-O 7.Bxf6 Bxf6 8.f4 b6
9.Ngf3 Ba6 10.Bc2 cxd4 11.exd4 Qc7 12.g3 Nd7 13.h4 Rfd8 14.Ng5 Nf8 15.Ndf3 Rac8
16.Qd2 Be7 17.Kf2 f6 18.Nh3 Bd6 19.Rhe1 Bb5 20.Kg2 Be8 21.Re3 b5 22.a3 a5
23.Bb3 b4 24.cxb4 axb4 25.a4 Bg6 26.Nf2 Qb7 27.Ree1 Rc6 28.Rec1 Rdc8 29.Rxc6 Qxc6
30.Nd3 Qa6 31.Rc1 Rb8 32.Nc5 Bxc5 33.dxc5 Qd3 34.Qxd3 Bxd3 35.Kf2 Kf7 36.Nd4 Rc8
37.f5 Ke7 38.fxe6 Bc4 39.Bd1 Nxe6 40.Bg4 Nxc5 41.Re1+ Kd8 42.Bxc8 Nd3+ 43.Ke2 Nxe1+
44.Kxe1 Kxc8 45.b3 Ba6 46.Nc6 Kc7 47.Nxb4 Bb7 48.Kd2 Kd6 49.Ke3 g5 50.Kd4 h6
51.Nd3 f5 52.hxg5 hxg5 53.b4 Bc6 54.b5 Be8 55.Ne5 f4 56.g4 Bd7 57.Nf7+ Ke7
58.Nxg5 Bxg4 59.a5 f3 60.Ke3 Kd7 61.b6 Kc6 62.Nxf3 Bc8 63.Nd4+ Kc5 64.Kd3 Ba6+
65.Kc3 Bb7 66.Nb3+ Kb5 67.Kd4 Kb4 68.Nd2 Kxa5 69.Kc5 d4 70.Nb3+ Ka6 71.Nxd4 Bg2
72.Nc6 Kb7 73.Na5+ Ka6 74.Nc4 Kb7 75.Ne5 Bh1 76.Kb5 Bg2 77.Ka5 Bh1 78.Nd7 Bg2
79.Nc5+ Kc6 80.Ne6 Kb7 81.Nd8+ Kb8 82.b7 Bxb7 83.Nxb7 Kxb7  1/2-1/2

[Event "TCh-NED Meesterklasse 2013-14"]
[Site "Netherland NED"]
[Date "2013.09.21"]
[Round "1.10"]
[White "Hachijan,A"]
[Black "Van der Poel,H"]
[Result "1-0"]
[WhiteElo "2216"]
[BlackElo "2254"]

1.d4 Nf6 2.Bg5 e6 3.e4 h6 4.Bxf6 Qxf6 5.Nf3 d5 6.Bd3 dxe4 7.Bxe4 c5 8.Nc3 a6
9.d5 e5 10.Qe2 Bd6 11.Nd2 O-O 12.h4 Qe7 13.g4 f5 14.Bxf5 Bxf5 15.gxf5 Rxf5
16.Nc4 Nd7 17.Ne4 Bb8 18.O-O-O b5 19.d6 Qe6 20.Ne3 Rf7 21.Kb1 Ra7 22.h5 c4
23.Rhg1 Nf8 24.Qd2 Kh8 25.Qa5 Qc8 26.Qc3 Nd7 27.Nd5 Qc6 28.Qe3 Nf8 29.Ne7 Qe8
30.Rg4 Rd7 31.Rdg1 Rdxe7 32.dxe7 Qxe7 33.Rd1 Ne6 34.Qb6 Ba7 35.Qxa6 Bxf2
36.Qxb5 Bd4 37.c3 Be3 38.Qxe5  1-0